[Event "San Francisco TNM Fall op"]
[Site "San Francisco"]
[Date "2009.12.08"]
[Round "8"]
[White "Askin, David"]
[Black "Klinetobe, David"]
[Result "0-1"]
[WhiteElo "1749"]
[BlackElo "2043"]
[PlyCount "106"]
[EventDate "2009.10.20"]
[EventType "swiss"]
[EventRounds "9"]
[EventCountry "USA"]
[SourceTitle "EXT 2012"]
[Source "ChessBase"]
[SourceDate "2011.11.24"]
[SourceVersion "1"]
[SourceVersionDate "2011.11.24"]
[SourceQuality "1"]

1. d4 Nf6 2. c4 e6 3. Nf3 b6 4. g3 Ba6 5. b3 Bb7 6. Bg2 Bb4+ 7. Bd2 a5 8. 0-0 0-0 9. a3 Be7 10. Bc3 Ne4 11. Bb2 a4 12. b4 d5 13. Nfd2 f5 14. Qc2 Bf6 15. e3 Bg5 16. Nc3 Nxc3 17. Qxc3 Bf6 18. Qc2 g6 19. Rac1 Rf7 20. Nb1 c6 21. Rfd1 Ba6 22. cxd5 cxd5 23. Qxa4 Raa7 24. b5 Bc8 25. Qc2 Rfc7 26. Qd2 Bd7 27. Rxc7 Rxc7 28. a4 Qc8 29. Rc1 Be7 30. Rxc7 Qxc7 31. Qc1 Qa7 32. Qc2 Kf7 33. Ba3 Bxa3 34. Nxa3 Be8 35. Qb3 Nd7 36. Nc2 Nf6 37. Nb4 Qc7 38. Qc2 Qd6 39. Nc6 Bxc6 40. bxc6 Qc7 41. Bf1 Ng8 42. Bb5 Ne7 43. f3 Nc8 44. e4 Ne7 45. exd5 Nxd5 46. Qe2 Ke7 47. Qd2 Nf6 48. Qh6 Kf7 49. Kf2 Qd6 50. Qd2 Qc7 51. Qe3 g5 52. Qd2 g4 53. fxg4 Ne4+ 0-1

[Event "San Francisco TNM Fall op"]
[Site "San Francisco"]
[Date "2009.11.10"]
[Round "4"]
[White "Grey, Peter G"]
[Black "Askin, David"]
[Result "1/2-1/2"]
[WhiteElo "2007"]
[BlackElo "1749"]
[PlyCount "117"]
[EventDate "2009.10.20"]
[EventType "swiss"]
[EventRounds "9"]
[EventCountry "USA"]
[SourceTitle "EXT 2012"]
[Source "ChessBase"]
[SourceDate "2011.11.24"]
[SourceVersion "1"]
[SourceVersionDate "2011.11.24"]
[SourceQuality "1"]

1. e4 c6 2. d4 d5 3. Nc3 dxe4 4. Nxe4 Nd7 5. Bc4 Ngf6 6. Ng5 e6 7. Qe2 Nb6 8. Bd3 h6 9. N5f3 c5 10. dxc5 Bxc5 11. Ne5 0-0 12. Ngf3 Nbd7 13. 0-0 Nxe5 14. Nxe5 Bd6 15. Bf4 Qc7 16. Bg3 b6 17. Ng4 Nxg4 18. Bxd6 Qxd6 19. Qxg4 Bb7 20. Rad1 Qe5 21. c3 Rfd8 22. Rfe1 Qf6 23. Be4 Rxd1 24. Rxd1 Bxe4 25. Qxe4 Rd8 26. Qe2 Rxd1+ 27. Qxd1 Qg5 28. g3 Qb5 29. b3 Qa5 30. Qd8+ Kh7 31. Qd3+ Kg8 32. a4 Qe5 33. Kg2 g6 34. b4 h5 35. h4 Kg7 36. f4 Qc7 37. Qd4+ Kg8 38. Kf2 Qb7 39. a5 bxa5 40. Qd8+ Kg7 41. Qxa5 Qd7 42. Qe5+ Kg8 43. Ke3 Qb7 44. Qe4 Qb6+ 45. Qd4 Qb7 46. Kf2 Qa6 47. Qd8+ Kg7 48. Qa5 Qb7 49. c4 Qd7 50. Qe5+ Kg8 51. Ke3 Qd1 52. Qc3 Qg1+ 53. Kd2 Qf2+ 54. Kc1 Kf8 55. c5 Qg1+ 56. Kb2 Qg2+ 57. Kb3 Qd5+ 58. Ka3 Qc6 59. Qe5 1/2-1/2

[Event "San Francisco TNM Fall op"]
[Site "San Francisco"]
[Date "2009.10.20"]
[Round "1"]
[White "Askin, David"]
[Black "Capdeville, Barry E"]
[Result "1-0"]
[WhiteElo "1749"]
[BlackElo "1131"]
[PlyCount "49"]
[EventDate "2009.10.20"]
[EventType "swiss"]
[EventRounds "9"]
[EventCountry "USA"]
[SourceTitle "EXT 2012"]
[Source "ChessBase"]
[SourceDate "2011.11.24"]
[SourceVersion "1"]
[SourceVersionDate "2011.11.24"]
[SourceQuality "1"]

1. e4 e5 2. Nf3 Nf6 3. Nxe5 d6 4. Nxf7 Kxf7 5. d4 c5 6. Bc4+ d5 7. exd5 Bd6 8. 0-0 cxd4 9. Qxd4 Bf5 10. Bb3 Qc7 11. c4 Be5 12. Qh4 Qd6 13. Nc3 a6 14. Be3 Nbd7 15. Na4 b6 16. f4 Bxb2 17. Nxb2 Nc5 18. Bd4 h5 19. Be5 Qd8 20. Qg5 Bg6 21. f5 Bh7 22. Rae1 Nce4 23. Rxe4 Nxe4 24. Qxg7+ Ke8 25. Qxh8+ 1-0

[Event "San Francisco TNM Spring op"]
[Site "San Francisco"]
[Date "2009.05.05"]
[Round "8"]
[White "Askin, David"]
[Black "Chirila, Sergiu"]
[Result "1-0"]
[WhiteElo "1768"]
[BlackElo "1932"]
[PlyCount "93"]
[EventDate "2009.03.16"]
[EventType "swiss"]
[EventRounds "8"]
[EventCountry "USA"]
[SourceTitle "EXT 2012"]
[Source "ChessBase"]
[SourceDate "2011.11.24"]
[SourceVersion "1"]
[SourceVersionDate "2011.11.24"]
[SourceQuality "1"]

1. e4 e5 2. Nf3 Nc6 3. Bb5 a6 4. Ba4 Be7 5. 0-0 Nf6 6. Re1 b5 7. Bb3 Na5 8. Nxe5 Nxb3 9. axb3 Bb7 10. d3 d5 11. exd5 Qxd5 12. Nf3 Qf5 13. Qe2 Ng8 14. Nd4 Qg6 15. Nf3 0-0-0 16. Bf4 Bd6 17. Bxd6 Rxd6 18. Nbd2 Nf6 19. Qe5 Rd5 20. Qg3 Qh6 21. Re7 Rd7 22. Rxd7 Nxd7 23. Re1 Qf6 24. d4 g6 25. Qg4 Qd8 26. Ne5 f5 27. Qf4 Re8 28. Ndf3 Bxf3 29. Qxf3 Nxe5 30. Rxe5 Rxe5 31. Qa8+ Kd7 32. Qxd8+ Kxd8 33. dxe5 f4 34. g3 f3 35. Kf1 Ke7 36. Ke1 Ke6 37. Kd2 Kxe5 38. Ke3 c5 39. Kxf3 a5 40. Ke3 a4 41. bxa4 bxa4 42. c4 g5 43. g4 Kf6 44. Ke4 Ke6 45. h3 h6 46. f3 Kd7 47. Kd5 1-0

[Event "San Francisco TNM Spring op"]
[Site "San Francisco"]
[Date "2009.04.28"]
[Round "7"]
[White "Afkham Ebrahimi, Payam"]
[Black "Askin, David"]
[Result "1-0"]
[WhiteElo "1836"]
[BlackElo "1768"]
[PlyCount "53"]
[EventDate "2009.03.16"]
[EventType "swiss"]
[EventRounds "8"]
[EventCountry "USA"]
[SourceTitle "EXT 2012"]
[Source "ChessBase"]
[SourceDate "2011.11.24"]
[SourceVersion "1"]
[SourceVersionDate "2011.11.24"]
[SourceQuality "1"]

1. c4 Nf6 2. Nf3 e6 3. Nc3 d5 4. cxd5 exd5 5. d4 Be7 6. Qb3 0-0 7. Bg5 c6 8. e3 Qb6 9. Qc2 Bf5 10. Bd3 Bxd3 11. Qxd3 Nbd7 12. Ne5 Bd6 13. f4 Qxb2 14. 0-0 Qb6 15. Rf3 Qc7 16. Rh3 g6 17. Rf1 Ne8 18. Rff3 Bb4 19. Rh6 Bxc3 20. Rfh3 Ndf6 21. Qxc3 Kg7 22. Qe1 Rh8 23. f5 Ne4 24. Bf4 g5 25. f6+ N8xf6 26. Rxf6 Kxf6 27. Ng4+ 1-0

[Event "San Francisco TNM Spring op"]
[Site "San Francisco"]
[Date "2009.04.21"]
[Round "6"]
[White "Askin, David"]
[Black "Star, Spencer"]
[Result "1-0"]
[WhiteElo "1768"]
[BlackElo "1097"]
[PlyCount "111"]
[EventDate "2009.03.16"]
[EventType "swiss"]
[EventRounds "8"]
[EventCountry "USA"]
[SourceTitle "EXT 2012"]
[Source "ChessBase"]
[SourceDate "2011.11.24"]
[SourceVersion "1"]
[SourceVersionDate "2011.11.24"]
[SourceQuality "1"]

1. Nf3 Nf6 2. c4 c5 3. d4 cxd4 4. Nxd4 Nc6 5. Nb5 a6 6. N5c3 g6 7. g3 Bg7 8. Bg2 0-0 9. 0-0 d6 10. Re1 Rb8 11. b3 Ne5 12. Bb2 b5 13. cxb5 axb5 14. Nd2 b4 15. Nce4 Nxe4 16. Nxe4 Bb7 17. f4 Nf3+ 18. Bxf3 Bxb2 19. Rb1 Bc3 20. Nxc3 Bxf3 21. exf3 bxc3 22. Qc2 Rc8 23. Re3 Qb6 24. Qd3 Rc7 25. Kg2 e6 26. Rc1 Rfc8 27. Re2 d5 28. Rec2 d4 29. h4 h5 30. Rd1 Rd8 31. g4 f5 32. Rg1 Ra7 33. Kh3 Qa6 34. Qxa6 Rxa6 35. Rd1 Rc6 36. Rd3 Kf7 37. g5 Ke7 38. Kg2 Rc5 39. Kf2 e5 40. fxe5 Rxe5 41. Rd1 Rd6 42. Kf1 Ke6 43. Kf2 Kd5 44. Rxc3 f4 45. Rcd3 Kc5 46. Rc1+ Kb4 47. Rc4+ Kb5 48. Rcxd4 Rxd4 49. Rxd4 Kc6 50. Rxf4 Re6 51. Rf6 Rd6 52. Rxd6+ Kxd6 53. a4 Kc6 54. Ke3 Kb6 55. Ke4 Ka5 56. f4 1-0